[Event "Storsjodraget 2022"]
[Site "Ostersund"]
[Date "2022.06.12"]
[Round "6"]
[Board "12"]
[White "Stromhaug, Kristoffer Wang"]
[Black "Unander, Matts"]
[Result "1-0"]
[WhiteElo "1828"]
[BlackElo "2003"]
[PlyCount "0"]
[EventDate "2022.06.10"]
[EventRounds "7"]
[EventCountry "SWE"]

1. e4 {[%clk 01:30:54]} {[%emt 00:00:05]} Nf6 {[%clk 01:30:40]} {[%emt
00:00:22]} 2. e5 {[%clk 01:27:21]} {[%emt 00:04:02]} Nd5 {[%clk 01:31:03]}
{[%emt 00:00:06]} 3. d4 {[%clk 01:23:24]} {[%emt 00:04:27]} d6 {[%clk
01:31:25]} {[%emt 00:00:08]} 4. exd6 {[%clk 01:22:36]} {[%emt 00:01:18]} cxd6
{[%clk 01:31:43]} {[%emt 00:00:11]} 5. c4 {[%clk 01:21:38]} {[%emt 00:01:28]}
Nb6 {[%clk 01:32:00]} {[%emt 00:00:14]} 6. Nc3 {[%clk 01:21:00]} {[%emt
00:01:07]} g6 {[%clk 01:32:13]} {[%emt 00:00:18]} 7. Be3 {[%clk 01:19:51]}
{[%emt 00:01:38]} Bg7 {[%clk 01:32:30]} {[%emt 00:00:13]} 8. Qd2 {[%clk
01:16:00]} {[%emt 00:04:21]} d5 {[%clk 01:29:02]} {[%emt 00:03:58]} 9. c5
{[%clk 01:10:20]} {[%emt 00:06:10]} Nc4 {[%clk 01:28:50]} {[%emt 00:00:42]} 10.
Bxc4 {[%clk 01:10:37]} {[%emt 00:00:14]} dxc4 {[%clk 01:29:18]} {[%emt
00:00:02]} 11. Nge2 {[%clk 01:09:31]} {[%emt 00:01:35]} Nc6 {[%clk 01:28:46]}
{[%emt 00:01:03]} 12. Rd1 {[%clk 01:08:54]} {[%emt 00:01:06]} Bf5 {[%clk
01:24:08]} {[%emt 00:05:08]} 13. b3 {[%clk 00:55:51]} {[%emt 00:13:34]} cxb3
{[%clk 01:19:46]} {[%emt 00:04:53]} 14. axb3 {[%clk 00:54:32]} {[%emt
00:01:48]} Nb4 {[%clk 01:16:12]} {[%emt 00:04:04]} 15. O-O {[%clk 00:53:28]}
{[%emt 00:01:33]} Rc8 {[%clk 01:12:55]} {[%emt 00:03:47]} 16. Na2 {[%clk
00:48:45]} {[%emt 00:05:13]} Nd5 {[%clk 01:10:36]} {[%emt 00:02:50]} 17. Bh6
{[%clk 00:33:05]} {[%emt 00:16:10]} O-O {[%clk 01:10:31]} {[%emt 00:00:35]} 18.
Bxg7 {[%clk 00:33:01]} {[%emt 00:00:34]} Kxg7 {[%clk 01:09:37]} {[%emt
00:01:23]} 19. Nac3 {[%clk 00:32:50]} {[%emt 00:00:42]} b6 {[%clk 01:05:37]}
{[%emt 00:04:30]} 20. Nxd5 {[%clk 00:30:43]} {[%emt 00:02:37]} Qxd5 {[%clk
00:56:41]} {[%emt 00:09:27]} 21. b4 {[%clk 00:27:59]} {[%emt 00:03:14]} Rfd8
{[%clk 00:55:52]} {[%emt 00:01:19]} 22. Qc3 {[%clk 00:26:59]} {[%emt 00:01:30]}
Kg8 {[%clk 00:53:03]} {[%emt 00:03:18]} 23. Rfe1 {[%clk 00:21:58]} {[%emt
00:05:31]} e5 {[%clk 00:51:39]} {[%emt 00:01:54]} 24. Ng3 {[%clk 00:17:15]}
{[%emt 00:05:14]} Bg4 {[%clk 00:46:53]} {[%emt 00:05:16]} 25. Ne4 {[%clk
00:15:55]} {[%emt 00:01:49]} exd4 {[%clk 00:42:47]} {[%emt 00:04:36]} 26. Qg3
{[%clk 00:15:32]} {[%emt 00:00:51]} Qxe4 {[%clk 00:42:32]} {[%emt 00:00:47]} 27.
Rxe4 {[%clk 00:15:44]} {[%emt 00:00:19]} Bxd1 {[%clk 00:42:55]} {[%emt
00:00:07]} 28. Qd3 {[%clk 00:14:36]} {[%emt 00:01:36]} Ba4 {[%clk 00:37:10]}
{[%emt 00:06:17]} 29. Rxd4 {[%clk 00:14:57]} {[%emt 00:00:08]} Re8 {[%clk
00:36:22]} {[%emt 00:01:18]} 30. h3 {[%clk 00:14:43]} {[%emt 00:00:44]} bxc5
{[%clk 00:24:36]} {[%emt 00:12:16]} 31. bxc5 {[%clk 00:15:09]} {[%emt
00:00:05]} Bc6 {[%clk 00:24:03]} {[%emt 00:01:03]} 32. Rd6 {[%clk 00:15:12]}
{[%emt 00:00:26]} Rc7 {[%clk 00:17:21]} {[%emt 00:07:13]} 33. Rd8 {[%clk
00:15:09]} {[%emt 00:00:33]} Rce7 {[%clk 00:16:49]} {[%emt 00:01:02]} 34. Qd6
{[%clk 00:14:43]} {[%emt 00:00:55]} Re6 {[%clk 00:16:13]} {[%emt 00:01:07]} 35.
Rxe8+ {[%clk 00:14:29]} {[%emt 00:00:43]} Bxe8 {[%clk 00:16:37]} {[%emt
00:00:06]} 36. Qb8 {[%clk 00:14:47]} {[%emt 00:00:11]} Kg7 {[%clk 00:15:13]}
{[%emt 00:01:55]} 37. Qxa7 {[%clk 00:14:57]} {[%emt 00:00:21]} h5 {[%clk
00:11:09]} {[%emt 00:04:33]} 38. f4 {[%clk 00:13:59]} {[%emt 00:01:28]} Bc6
{[%clk 00:09:53]} {[%emt 00:01:46]} 39. Kf2 {[%clk 00:13:42]} {[%emt 00:00:46]}
Bd5 {[%clk 00:07:39]} {[%emt 00:02:46]} 40. Qd7 {[%clk 00:13:37]} {[%emt
00:00:34]} Bc6 {[%clk 00:08:01]} {[%emt 00:00:09]} 41. Qc7 {[%clk 00:13:22]}
{[%emt 00:00:44]} Bd5 {[%clk 00:08:03]} {[%emt 00:00:29]} 42. g4 {[%clk
00:13:34]} {[%emt 00:00:18]} hxg4 {[%clk 00:08:03]} {[%emt 00:00:30]} 43. hxg4
{[%clk 00:14:02]} {[%emt 00:00:01]} Bc6 {[%clk 00:07:11]} {[%emt 00:01:22]} 44.
Kg3 {[%clk 00:12:24]} {[%emt 00:02:08]} Bh1 {[%clk 00:03:41]} {[%emt 00:03:59]}
45. f5 {[%clk 00:10:41]} {[%emt 00:02:14]} gxf5 {[%clk 00:03:22]} {[%emt
00:00:49]} 46. gxf5 {[%clk 00:11:10]} {[%emt 00:00:01]} Rc6 {[%clk 00:03:30]}
{[%emt 00:00:22]} 47. Qe5+ {[%clk 00:11:30]} {[%emt 00:00:10]} f6 {[%clk
00:03:02]} {[%emt 00:00:59]} 48. Qe7+ {[%clk 00:11:44]} {[%emt 00:00:15]} Kg8
{[%clk 00:02:24]} {[%emt 00:01:08]} 49. Qe8+ {[%clk 00:11:58]} {[%emt
00:00:16]} Kg7 {[%clk 00:02:44]} {[%emt 00:00:10]} 50. Qg6+ {[%clk 00:12:24]}
{[%emt 00:00:04]} Kf8 {[%clk 00:03:10]} {[%emt 00:00:04]} 51. Qh6+ {[%clk
00:12:22]} {[%emt 00:00:33]}  1-0

[Event "Storsjodraget 2022"]
[Site "Ostersund"]
[Date "2022.06.12"]
[Round "7"]
[Board "2"]
[White "Larkin, Vladyslav"]
[Black "Roulet-Dubonnet, Emerik Vapenstad"]
[Result "1-0"]
[WhiteElo "2430"]
[BlackElo "2118"]
[PlyCount "0"]
[EventDate "2022.06.10"]
[EventRounds "7"]
[EventCountry "SWE"]

1. Nf3 {[%clk 01:30:56]} {[%emt 00:00:03]} Nf6 {[%clk 01:30:25]} {[%emt
00:00:35]} 2. c4 {[%clk 01:30:48]} {[%emt 00:00:38]} e6 {[%clk 01:30:32]}
{[%emt 00:00:23]} 3. g3 {[%clk 01:31:14]} {[%emt 00:00:05]} d5 {[%clk
01:30:25]} {[%emt 00:00:35]} 4. Bg2 {[%clk 01:31:41]} {[%emt 00:00:04]} Be7
{[%clk 01:30:29]} {[%emt 00:00:26]} 5. O-O {[%clk 01:32:03]} {[%emt 00:00:09]}
O-O {[%clk 01:30:53]} {[%emt 00:00:05]} 6. b3 {[%clk 01:32:12]} {[%emt
00:00:22]} b6 {[%clk 01:31:01]} {[%emt 00:00:21]} 7. d3 {[%clk 01:28:14]}
{[%emt 00:04:28]} Bb7 {[%clk 01:30:53]} {[%emt 00:00:37]} 8. Bb2 {[%clk
01:28:00]} {[%emt 00:00:45]} c5 {[%clk 01:27:55]} {[%emt 00:03:27]} 9. Nbd2
{[%clk 01:27:53]} {[%emt 00:00:38]} d4 {[%clk 01:24:27]} {[%emt 00:03:58]} 10.
b4 {[%clk 01:18:19]} {[%emt 00:10:04]} a5 {[%clk 01:20:13]} {[%emt 00:04:44]}
11. bxc5 {[%clk 01:16:05]} {[%emt 00:02:44]} bxc5 {[%clk 01:20:01]} {[%emt
00:00:40]} 12. Rb1 {[%clk 01:15:58]} {[%emt 00:00:39]} Qc7 {[%clk 01:17:50]}
{[%emt 00:02:40]} 13. Ba3 {[%clk 00:47:55]} {[%emt 00:28:34]} Nc6 {[%clk
01:11:02]} {[%emt 00:07:17]} 14. Rxb7 {[%clk 00:46:34]} {[%emt 00:01:52]} Qxb7
{[%clk 01:11:25]} {[%emt 00:00:06]} 15. Ne5 {[%clk 00:46:56]} {[%emt 00:00:10]}
Rac8 {[%clk 01:11:08]} {[%emt 00:00:45]} 16. Nxc6 {[%clk 00:47:13]} {[%emt
00:00:14]} Rxc6 {[%clk 01:08:41]} {[%emt 00:02:56]} 17. Qa4 {[%clk 00:47:37]}
{[%emt 00:00:06]} Rfc8 {[%clk 01:09:05]} {[%emt 00:00:06]} 18. Nb3 {[%clk
00:47:48]} {[%emt 00:00:19]} Qc7 {[%clk 01:03:45]} {[%emt 00:05:51]} 19. Bxc6
{[%clk 00:48:12]} {[%emt 00:00:07]} Qxc6 {[%clk 01:04:11]} {[%emt 00:00:02]} 20.
Qxc6 {[%clk 00:48:35]} {[%emt 00:00:07]} Rxc6 {[%clk 01:04:38]} {[%emt
00:00:03]} 21. Nxd4 {[%clk 00:49:02]} {[%emt 00:00:04]} cxd4 {[%clk 01:05:01]}
{[%emt 00:00:07]} 22. Bxe7 {[%clk 00:49:28]} {[%emt 00:00:04]} Rb6 {[%clk
01:05:21]} {[%emt 00:00:10]} 23. Rc1 {[%clk 00:48:16]} {[%emt 00:01:41]} Rb2
{[%clk 01:04:28]} {[%emt 00:01:23]} 24. Bxf6 {[%clk 00:42:14]} {[%emt
00:06:33]} gxf6 {[%clk 01:04:57]} 25. c5 {[%clk 00:42:39]} {[%emt 00:00:05]}
Kf8 {[%clk 01:05:00]} {[%emt 00:00:26]} 26. c6 {[%clk 00:42:47]} {[%emt
00:00:22]} Rb8 {[%clk 01:05:23]} {[%emt 00:00:07]} 27. Kg2 {[%clk 00:42:46]}
{[%emt 00:00:33]} Ke7 {[%clk 01:05:47]} {[%emt 00:00:05]} 28. Kh3 {[%clk
00:42:23]} {[%emt 00:00:53]} Kd6 {[%clk 01:05:45]} {[%emt 00:00:29]} 29. c7
{[%clk 00:42:51]} {[%emt 00:00:05]} Rc8 {[%clk 01:06:09]} {[%emt 00:00:06]} 30.
Kh4 {[%clk 00:43:12]} {[%emt 00:00:09]} Rxc7 {[%clk 01:04:57]} {[%emt
00:01:41]} 31. Rxc7 {[%clk 00:43:36]} {[%emt 00:00:07]} Kxc7 {[%clk 01:05:24]}
{[%emt 00:00:03]} 32. Kh5 {[%clk 00:44:04]} {[%emt 00:00:02]} Kc6 {[%clk
01:04:35]} {[%emt 00:01:18]} 33. Kh6 {[%clk 00:44:14]} {[%emt 00:00:21]} Kb5
{[%clk 01:05:01]} {[%emt 00:00:03]} 34. Kxh7 {[%clk 00:44:40]} {[%emt
00:00:05]} Ka4 {[%clk 01:05:30]} {[%emt 00:00:01]} 35. h4 {[%clk 00:44:56]}
{[%emt 00:00:14]} Ka3 {[%clk 01:05:56]} {[%emt 00:00:04]} 36. h5 {[%clk
00:45:23]} {[%emt 00:00:03]} Kxa2 {[%clk 01:06:16]} {[%emt 00:00:10]} 37. h6
{[%clk 00:45:51]} {[%emt 00:00:02]} a4 {[%clk 01:06:43]} {[%emt 00:00:02]} 38.
Kg8 {[%clk 00:46:17]} {[%emt 00:00:04]} a3 {[%clk 01:07:05]} {[%emt 00:00:08]}
39. h7 {[%clk 00:46:45]} {[%emt 00:00:03]} Kb1 {[%clk 01:07:15]} {[%emt
00:00:20]} 40. h8=Q {[%clk 00:47:07]} {[%emt 00:00:08]} a2 {[%clk 01:07:39]}
{[%emt 00:00:05]} 41. Kxf7 {[%clk 00:47:16]} {[%emt 00:00:22]}  1-0

[Event "Storsjodraget 2022"]
[Site "Ostersund"]
[Date "2022.06.12"]
[Round "7"]
[Board "3"]
[White "Hammarstrom, Ulf"]
[Black "Lind, Jan-Olov"]
[Result "1-0"]
[WhiteElo "2225"]
[BlackElo "2169"]
[PlyCount "0"]
[EventDate "2022.06.10"]
[EventRounds "7"]
[EventCountry "SWE"]

1. e4 {[%clk 01:30:43]} {[%emt 00:00:17]} c5 {[%clk 01:30:48]} {[%emt
00:00:12]} 2. c3 {[%clk 01:30:29]} {[%emt 00:00:44]} d5 {[%clk 01:29:30]}
{[%emt 00:01:47]} 3. exd5 {[%clk 01:30:40]} {[%emt 00:00:20]} Qxd5 {[%clk
01:29:17]} {[%emt 00:00:43]} 4. d4 {[%clk 01:31:04]} {[%emt 00:00:05]} cxd4
{[%clk 01:28:04]} {[%emt 00:01:43]} 5. cxd4 {[%clk 01:30:52]} {[%emt 00:00:42]}
e6 {[%clk 01:27:55]} {[%emt 00:00:39]} 6. Nc3 {[%clk 01:30:08]} {[%emt
00:01:14]} Qd6 {[%clk 01:27:52]} {[%emt 00:00:33]} 7. Nf3 {[%clk 01:27:57]}
{[%emt 00:02:41]} Nf6 {[%clk 01:28:00]} {[%emt 00:00:22]} 8. g3 {[%clk
01:24:07]} {[%emt 00:04:21]} Nc6 {[%clk 01:25:45]} {[%emt 00:02:45]} 9. Bg2
{[%clk 01:23:33]} {[%emt 00:01:03]} Be7 {[%clk 01:25:27]} {[%emt 00:00:48]} 10.
O-O {[%clk 01:22:47]} {[%emt 00:01:16]} O-O {[%clk 01:25:43]} {[%emt 00:00:14]}
11. Bf4 {[%clk 01:17:34]} {[%emt 00:05:44]} Qd8 {[%clk 01:23:47]} {[%emt
00:02:25]} 12. a3 {[%clk 01:12:05]} {[%emt 00:05:59]} Bd6 {[%clk 01:09:28]}
{[%emt 00:14:50]} 13. Ne5 {[%clk 01:07:42]} {[%emt 00:04:52]} Ne7 {[%clk
01:06:24]} {[%emt 00:03:34]} 14. Qb3 {[%clk 01:00:52]} {[%emt 00:07:21]} a6
{[%clk 01:03:02]} {[%emt 00:03:52]} 15. Rad1 {[%clk 00:51:02]} {[%emt
00:10:20]} Qc7 {[%clk 01:00:59]} {[%emt 00:02:32]} 16. Rc1 {[%clk 00:47:25]}
{[%emt 00:04:08]} Qb8 {[%clk 00:50:29]} {[%emt 00:11:00]} 17. Rfe1 {[%clk
00:35:52]} {[%emt 00:12:03]} Ng6 {[%clk 00:47:14]} {[%emt 00:03:44]} 18. Nxg6
{[%clk 00:35:00]} {[%emt 00:01:22]} hxg6 {[%clk 00:42:30]} {[%emt 00:05:14]} 19.
Bxd6 {[%clk 00:32:28]} {[%emt 00:03:02]} Qxd6 {[%clk 00:42:54]} {[%emt
00:00:07]} 20. d5 {[%clk 00:32:27]} {[%emt 00:00:30]} Bd7 {[%clk 00:38:22]}
{[%emt 00:05:02]} 21. Rcd1 {[%clk 00:24:13]} {[%emt 00:08:45]} e5 {[%clk
00:28:45]} {[%emt 00:10:07]} 22. Qb4 {[%clk 00:23:53]} {[%emt 00:00:50]} Qxb4
{[%clk 00:28:45]} {[%emt 00:00:30]} 23. axb4 {[%clk 00:24:18]} {[%emt
00:00:05]} Rfe8 {[%clk 00:28:37]} {[%emt 00:00:37]} 24. d6 {[%clk 00:19:03]}
{[%emt 00:05:45]} Rab8 {[%clk 00:28:51]} {[%emt 00:00:17]} 25. Nd5 {[%clk
00:18:04]} {[%emt 00:01:29]} Nxd5 {[%clk 00:28:53]} {[%emt 00:00:27]} 26. Rxd5
{[%clk 00:18:23]} {[%emt 00:00:12]} f6 {[%clk 00:28:12]} {[%emt 00:01:10]} 27.
Rc5 {[%clk 00:18:37]} {[%emt 00:00:16]} Bc6 {[%clk 00:20:10]} {[%emt 00:08:31]}
28. Bxc6 {[%clk 00:18:05]} {[%emt 00:01:02]} bxc6 {[%clk 00:20:35]} {[%emt
00:00:06]} 29. Rxc6 {[%clk 00:17:12]} {[%emt 00:01:23]} Red8 {[%clk 00:20:48]}
{[%emt 00:00:17]} 30. Re4 {[%clk 00:14:22]} {[%emt 00:03:20]} Kf7 {[%clk
00:17:26]} {[%emt 00:03:52]} 31. f4 {[%clk 00:08:38]} {[%emt 00:06:15]} Ke6
{[%clk 00:14:32]} {[%emt 00:03:23]} 32. Rc5 {[%clk 00:02:55]} {[%emt 00:06:13]}
Rxd6 {[%clk 00:14:13]} {[%emt 00:00:49]} 33. fxe5 {[%clk 00:03:01]} {[%emt
00:00:24]} fxe5 {[%clk 00:14:06]} {[%emt 00:00:37]} 34. Rcxe5+ {[%clk
00:02:37]} {[%emt 00:00:55]} Kf6 {[%clk 00:14:07]} {[%emt 00:00:28]} 35. Ra5
{[%clk 00:01:09]} {[%emt 00:01:57]} Rdb6 {[%clk 00:10:46]} {[%emt 00:03:52]} 36.
Rf4+ {[%clk 00:01:29]} {[%emt 00:00:11]} Ke6 {[%clk 00:10:37]} {[%emt
00:00:38]} 37. Re4+ {[%clk 00:01:38]} {[%emt 00:00:21]} Kf6 {[%clk 00:11:00]}
{[%emt 00:00:07]} 38. Rf4+ {[%clk 00:02:00]} {[%emt 00:00:08]} Ke6 {[%clk
00:11:25]} {[%emt 00:00:06]} 39. Rf3 {[%clk 00:01:08]} {[%emt 00:01:20]} Ke7
{[%clk 00:10:54]} {[%emt 00:01:02]} 40. Re3+ {[%clk 00:01:31]} {[%emt
00:00:07]} Kf7 {[%clk 00:11:02]} {[%emt 00:00:22]} 41. Rf3+ {[%clk 00:00:49]}
{[%emt 00:01:12]} Ke7 {[%clk 00:11:14]} {[%emt 00:00:17]} 42. Re5+ {[%clk
00:00:51]} {[%emt 00:00:28]} Re6 {[%clk 00:09:20]} {[%emt 00:02:25]} 43. Rxe6+
{[%clk 00:00:38]} {[%emt 00:00:43]} Kxe6 {[%clk 00:09:42]} {[%emt 00:00:07]} 44.
Ra3 {[%clk 00:00:50]} {[%emt 00:00:19]} Rb6 {[%clk 00:09:57]} {[%emt 00:00:15]}
45. Ra5 {[%clk 00:00:50]} {[%emt 00:00:31]} Kf7 {[%clk 00:10:14]} {[%emt
00:00:12]} 46. Ra4 {[%clk 00:00:45]} {[%emt 00:00:35]} Rc6 {[%clk 00:09:31]}
{[%emt 00:01:13]} 47. Kg2 {[%clk 00:00:37]} {[%emt 00:00:39]} Rc2+ {[%clk
00:09:53]} {[%emt 00:00:08]} 48. Kf3 {[%clk 00:00:53]} {[%emt 00:00:13]} Rxb2
{[%clk 00:09:54]} {[%emt 00:00:30]} 49. h4 {[%clk 00:00:41]} {[%emt 00:00:40]}
Kg8 {[%clk 00:09:27]} {[%emt 00:00:58]} 50. Ke4 {[%clk 00:00:46]} {[%emt
00:00:25]} Rb3 {[%clk 00:09:28]} {[%emt 00:00:28]} 51. Kd5 {[%clk 00:00:41]}
{[%emt 00:00:36]} Rxg3 {[%clk 00:09:24]} {[%emt 00:00:34]} 52. Rxa6 {[%clk
00:00:58]} {[%emt 00:00:13]} Rb3 {[%clk 00:07:08]} {[%emt 00:02:46]} 53. Kc5
{[%clk 00:00:49]} {[%emt 00:00:38]} Kh7 {[%clk 00:07:27]} {[%emt 00:00:12]} 54.
b5 {[%clk 00:01:10]} {[%emt 00:00:10]} Kh6 {[%clk 00:07:40]} {[%emt 00:00:15]}
55. b6 {[%clk 00:01:19]} {[%emt 00:00:22]} Kh5 {[%clk 00:07:29]} {[%emt
00:00:40]} 56. Ra4 {[%clk 00:01:03]} {[%emt 00:00:47]} g5 {[%clk 00:07:26]}
{[%emt 00:00:33]} 57. Rb4 {[%clk 00:00:45]} {[%emt 00:00:48]} Rc3+ {[%clk
00:07:12]} {[%emt 00:00:43]} 58. Kd4 {[%clk 00:00:34]} {[%emt 00:00:42]} Rc8
{[%clk 00:07:23]} {[%emt 00:00:18]} 59. b7 {[%clk 00:00:56]} {[%emt 00:00:09]}
Rb8 {[%clk 00:07:20]} {[%emt 00:00:33]} 60. hxg5 {[%clk 00:01:14]} {[%emt
00:00:12]} Kxg5 {[%clk 00:07:35]} {[%emt 00:00:14]} 61. Ke5 {[%clk 00:01:17]}
{[%emt 00:00:28]} Kh5 {[%clk 00:06:54]} {[%emt 00:01:11]} 62. Kd6 {[%clk
00:01:27]} {[%emt 00:00:19]} g5 {[%clk 00:06:54]} {[%emt 00:00:31]} 63. Kc7
{[%clk 00:01:53]} {[%emt 00:00:04]} Rxb7+ {[%clk 00:06:49]} {[%emt 00:00:35]}
64. Kxb7 {[%clk 00:02:17]} {[%emt 00:00:07]} g4 {[%clk 00:07:10]} {[%emt
00:00:09]} 65. Kc6 {[%clk 00:02:19]} {[%emt 00:00:27]} Kg5 {[%clk 00:05:57]}
{[%emt 00:01:42]} 66. Kd5 {[%clk 00:02:32]} {[%emt 00:00:17]} Kf5 {[%clk
00:06:21]} {[%emt 00:00:07]} 67. Rb8 {[%clk 00:02:34]} {[%emt 00:00:29]} Kf4
{[%clk 00:06:26]} {[%emt 00:00:24]} 68. Kd4 {[%clk 00:02:45]} {[%emt 00:00:20]}
Kf3 {[%clk 00:05:55]} {[%emt 00:00:59]} 69. Kd3 {[%clk 00:03:08]} {[%emt
00:00:08]} g3 {[%clk 00:04:52]} {[%emt 00:01:33]} 70. Rf8 {[%clk 00:03:25]}
{[%emt 00:00:13]} Kg2 {[%clk 00:05:10]} {[%emt 00:00:12]} 71. Ke2 {[%clk
00:03:39]} {[%emt 00:00:17]} Kh2 {[%clk 00:04:27]} {[%emt 00:01:12]} 72. Rh8
{[%clk 00:03:11]} {[%emt 00:00:58]} Kg1 {[%clk 00:04:31]} {[%emt 00:00:25]} 73.
Kf3 {[%clk 00:03:14]} {[%emt 00:00:26]} g2 {[%clk 00:04:30]} {[%emt 00:00:32]}
74. Kg3 {[%clk 00:03:24]} {[%emt 00:00:20]} Kf1 {[%clk 00:04:34]} {[%emt
00:00:26]} 75. Rf8+ {[%clk 00:03:51]} {[%emt 00:00:04]} Kg1 {[%clk 00:04:50]}
{[%emt 00:00:13]} 76. Ra8 {[%clk 00:04:14]} {[%emt 00:00:08]} Kh1 {[%clk
00:05:00]} {[%emt 00:00:19]} 77. Rh8+ {[%clk 00:04:40]} {[%emt 00:00:04]} Kg1
{[%clk 00:05:23]} {[%emt 00:00:07]} 78. Rh2 {[%clk 00:05:06]} {[%emt 00:00:04]}
1-0